[Event "27th Open"]
[Site "Cappelle la Grande FRA"]
[Date "2011.03.01"]
[Round "5"]
[White "Hasangatin,R"]
[Black "Vuckovic,Bo"]
[Result "1/2-1/2"]
[WhiteElo "2508"]
[BlackElo "2623"]
[EventDate "2011.02.26"]

1. Nf3 Nf6 2. c4 c5 3. Nc3 e6 4. g3 b6 5. Bg2 Bb7 6. O-O a6 7. b3 Be7 8. d4
cxd4 9. Nxd4 Bxg2 10. Kxg2 Qc7 11. Qd3 Nc6 12. Nxc6 Qxc6+ 13. Qf3 Rc8 14.
Bb2 O-O 15. Rac1 d6 16. Rfd1 Nd7 17. Qxc6 Rxc6 18. e3 Rfc8 19. Ne2 R6c7 20.
Nd4 Kf8 21. Kf1 g6 22. Ke2 Ke8 23. Nf3 Nc5 24. Ne1 b5 25. Nd3 Nxd3 26. Kxd3
bxc4+ 27. Rxc4 Rxc4 28. bxc4 Kd7 29. Bc3 Rb8 30. Rd2 Kc6 31. Rb2 Rxb2 32.
Bxb2 f5 33. f3 Bd8 34. Bc3 Bb6 35. h3 h5 36. e4 Bf2 37. exf5 exf5 38. g4
hxg4 39. hxg4 fxg4 40. fxg4 d5 41. Bb4 Bg1 42. Bf8 Bf2 43. Bb4 Bg1 44. Bf8
Bf2 1/2-1/2

[Event "27th Open"]
[Site "Cappelle la Grande FRA"]
[Date "2011.03.01"]
[Round "5"]
[White "Gurevich,M"]
[Black "Janev,E"]
[Result "1-0"]
[WhiteElo "2613"]
[BlackElo "2497"]
[EventDate "2011.02.26"]

1. d4 d6 2. Nf3 Nf6 3. c4 g6 4. Nc3 Bg7 5. e4 O-O 6. Be2 c6 7. O-O Bg4 8.
Be3 Nfd7 9. Rc1 a6 10. c5 b5 11. cxd6 exd6 12. h3 Bxf3 13. Bxf3 Nb6 14. b3
N8d7 15. e5 dxe5 16. Bxc6 Rb8 17. Ne4 f5 18. Bg5 Nf6 19. Nc5 Qxd4 20. Nxa6
Rbd8 21. Qe2 Nbd5 22. Bxd5+ Qxd5 23. Nc7 Qf7 24. Nxb5 Rd7 25. Qc4 Nd5 26.
Nc3 Nxc3 27. Rxc3 f4 28. Qxf7+ Kxf7 29. Rfc1 Ke6 30. f3 Ra8 31. a4 Bf8 32.
Bh4 Ba3 33. Rc6+ Kd5 34. Rc7 Rxc7 35. Rxc7 Rb8 36. Rd7+ Ke6 37. Rd3 e4 38.
fxe4 Ke5 39. Bf2 Kxe4 40. Rc3 Kd5 41. Kf1 Bb4 42. Rd3+ Ke4 43. Ke2 g5 44.
Rd4+ Ke5 45. Rc4 Bd6 46. Rc3 h5 47. a5 Ra8 48. Bb6 g4 49. Rc4 Kd5 50. hxg4
hxg4 51. Kd3 Rg8 52. a6 f3 53. a7 fxg2 54. Rxg4 Rh8 55. Rxg2 Kc6 56. Bd4
Rc8 57. Rc2+ 1-0

[Event "27th Open"]
[Site "Cappelle la Grande FRA"]
[Date "2011.03.01"]
[Round "5"]
[White "Djukic,Ni"]
[Black "Iturrizaga,E"]
[Result "1/2-1/2"]
[WhiteElo "2494"]
[BlackElo "2611"]
[EventDate "2011.02.26"]

1. e4 c5 2. Nf3 Nc6 3. d4 cxd4 4. Nxd4 g6 5. Nc3 Bg7 6. Be3 Nf6 7. Bc4 O-O
8. Bb3 d6 9. f3 Bd7 10. h4 Nxd4 11. Bxd4 b5 12. h5 a5 13. hxg6 hxg6 14. Nd5
Nxd5 15. Bxd5 Rc8 16. Bxg7 Kxg7 17. Qd4+ f6 18. O-O-O Qc7 19. Qd2 Rh8 20.
g4 g5 21. a3 Qc5 22. Bb3 Rxh1 1/2-1/2

[Event "27th Open"]
[Site "Cappelle la Grande FRA"]
[Date "2011.03.01"]
[Round "5"]
[White "Matjushin,G"]
[Black "Spasov,V"]
[Result "1/2-1/2"]
[WhiteElo "2490"]
[BlackElo "2590"]
[EventDate "2011.02.26"]

1. Nf3 Nf6 2. g3 g6 3. Bg2 Bg7 4. O-O O-O 5. c4 d6 6. Nc3 e5 7. d4 Nbd7 8.
dxe5 dxe5 9. Bh3 c6 10. Ng5 Qe7 11. Nge4 Nxe4 12. Nxe4 Nc5 13. Bxc8 Rfxc8
14. Nxc5 Qxc5 15. Qc2 Rd8 16. Be3 Qa5 17. b3 Rd7 18. Rad1 Rad8 19. a4 a6
20. Rxd7 Rxd7 21. Rd1 1/2-1/2

[Event "27th Open"]
[Site "Cappelle la Grande FRA"]
[Date "2011.03.01"]
[Round "5"]
[White "Arnaudov,G"]
[Black "Georgiev,Vl"]
[Result "1/2-1/2"]
[WhiteElo "2489"]
[BlackElo "2579"]
[EventDate "2011.02.26"]

1. d4 Nf6 2. c4 c6 3. Nc3 d5 4. cxd5 cxd5 5. Nf3 Nc6 6. Bf4 Bf5 7. e3 e6 8.
Bd3 Bxd3 9. Qxd3 Be7 10. h3 a6 11. O-O O-O 12. Rac1 Rc8 13. Ne5 Nxe5 14.
Bxe5 Nd7 15. Bg3 Nb6 16. b3 Bd6 17. Bxd6 Qxd6 18. Ne2 g6 19. Rxc8 Rxc8 20.
Rc1 Rc6 21. Rxc6 Qxc6 22. Qc3 Qxc3 23. Nxc3 Kf8 24. Kf1 Ke7 25. Ke2 1/2-1/2

[Event "27th Open"]
[Site "Cappelle la Grande FRA"]
[Date "2011.03.01"]
[Round "5"]
[White "Zagrebelny,S"]
[Black "Solodovnichenko,Y"]
[Result "1/2-1/2"]
[WhiteElo "2481"]
[BlackElo "2577"]
[EventDate "2011.02.26"]

1. e4 c5 2. Nf3 d6 3. d4 Nf6 4. Nc3 cxd4 5. Nxd4 e6 6. Be2 Be7 7. O-O O-O
8. f4 Nc6 9. Be3 Bd7 10. Kh1 Nxd4 11. Bxd4 Bc6 12. Bd3 Nd7 13. Be3 Bf6 14.
Nb5 Nc5 15. Bxc5 dxc5 16. e5 Be7 17. c4 f5 18. exf6 Rxf6 19. Qc2 g6 20.
Rae1 Bd6 21. Nxd6 Qxd6 22. Be4 Raf8 23. Bxc6 bxc6 24. Qe2 Rxf4 25. Rxf4
Rxf4 26. h3 Kf7 27. Rd1 Rd4 28. Qf3+ Kg7 29. Rf1 e5 30. Qf7+ Kh6 31. Rf6
Qd8 32. Rxc6 Rf4 33. Qd5 Qg5 34. Kh2 Rf2 35. Qe4 Rxb2 36. Rxc5 Rxa2 37. h4
Qf4+ 38. Qxf4+ exf4 39. Kh3 a5 40. Rb5 a4 41. Ra5 Kg7 42. Ra7+ Kf6 43. Rxh7
a3 44. Ra7 Ra1 45. c5 a2 46. Kh2 Ke6 47. c6 Kd6 48. c7 Kd7 49. c8=Q+ Kxc8
50. Ra8+ Kd7 51. Ra6 Ke7 52. Ra4 Ke6 53. Ra5 Kf6 54. Ra7 Kf5 55. Ra6 Ke5
1/2-1/2

[Event "27th Open"]
[Site "Cappelle la Grande FRA"]
[Date "2011.03.01"]
[Round "5"]
[White "Spraggett,K"]
[Black "Wirig,A"]
[Result "1/2-1/2"]
[WhiteElo "2575"]
[BlackElo "2466"]
[EventDate "2011.02.26"]

1. e4 e6 2. d4 d5 3. Nc3 Bb4 4. e5 c5 5. a3 Bxc3+ 6. bxc3 Ne7 7. Nf3 Bd7 8.
h4 Bc6 9. h5 h6 10. Bd3 Nd7 11. O-O c4 12. Be2 Qa5 13. Bd2 O-O-O 14. Re1
Rdg8 15. Nh4 g6 16. g3 Kb8 17. Bg4 Nf5 18. Ng2 Ka8 19. Kh2 Nf8 20. Qe2 Ba4
21. Ra2 Bd7 22. Rh1 Qd8 23. Kg1 Qb6 24. Qd1 g5 25. Kh2 f6 26. Re1 Nh7 27.
a4 Ng7 28. a5 Qd8 29. a6 b6 30. exf6 Nxf6 31. Bf3 Nf5 32. Ne3 Nxe3 33. Rxe3
g4 34. Bg2 Nxh5 35. Qe2 Qc8 36. Re5 Nf6 37. Bf4 Re8 38. Ra1 Bb5 39. Qe1 Bd7
40. Kg1 Bc6 41. Qe3 h5 42. Rg5 Rh7 43. Qe5 Ne4 44. Rxh5 Rxh5 45. Qxh5 Rg8
46. Qh7 Rh8 47. Qg7 Rg8 48. Qh7 Rh8 49. Qg6 Rg8 50. Qh7 Rh8 1/2-1/2

[Event "27th Open"]
[Site "Cappelle la Grande FRA"]
[Date "2011.03.01"]
[Round "5"]
[White "Sharapov,E"]
[Black "Fier,A"]
[Result "1-0"]
[WhiteElo "2468"]
[BlackElo "2571"]
[EventDate "2011.02.26"]

1. e4 c5 2. Nf3 Nc6 3. d4 cxd4 4. Nxd4 Qb6 5. Nb3 Nf6 6. Nc3 e6 7. Bd3 a6
8. O-O Be7 9. Be3 Qc7 10. f4 d6 11. Kh1 b5 12. Qf3 Bb7 13. a3 h5 14. a4 b4
15. Ne2 d5 16. e5 Ng4 17. Ned4 g5 18. Nxc6 Bxc6 19. Bd4 Bb7 20. h3 gxf4 21.
Qxf4 Nh6 22. a5 Kd7 23. Bb6 Qc8 24. c3 Qg8 25. Bc5 d4 26. Be4 Rb8 27. Bxb7
Rxb7 28. Qxd4+ Ke8 29. Rad1 Qg5 30. Bxe7 Qxe7 31. Nc5 Rb5 32. cxb4 Nf5 33.
Rxf5 exf5 34. e6 f6 35. Qd5 Kf8 36. Qd8+ 1-0

[Event "27th Open"]
[Site "Cappelle la Grande FRA"]
[Date "2011.03.01"]
[Round "5"]
[White "Gajewski,G"]
[Black "Burg,T"]
[Result "1/2-1/2"]
[WhiteElo "2569"]
[BlackElo "2448"]
[EventDate "2011.02.26"]

1. d4 d5 2. c4 c6 3. Nf3 Nf6 4. Nc3 dxc4 5. a4 Bf5 6. e3 e6 7. Bxc4 Bb4 8.
O-O O-O 9. Qe2 Bg4 10. Rd1 Nbd7 11. h3 Bh5 12. e4 Qe7 13. Bf4 Bxf3 14. Qxf3
e5 15. Bg5 exd4 16. Rxd4 Qe5 17. Be3 Nb6 18. Bxf7+ Rxf7 19. Rxb4 Nfd5 20.
Qxf7+ Kxf7 21. exd5 Qd6 22. Rb3 cxd5 23. a5 d4 24. Ne4 Qg6 25. Ng5+ Kg8 26.
Bxd4 Qxg5 27. axb6 Qd5 28. Rxa7 Rd8 29. Rb4 Qh5 30. Ra1 Rd6 31. Rc4 h6 32.
Re1 Kh7 33. Bc3 Rg6 34. Rc7 Qxh3 35. Rxg7+ Rxg7 36. Bxg7 Qd7 37. Bc3 Qd6
38. Ba5 Qc5 39. Bc3 Qxb6 40. Re3 Qd6 41. Rf3 b5 42. b4 Qd1+ 43. Kh2 Qd5 44.
Rg3 Qh5+ 45. Rh3 Qf5 46. Rf3 Qd5 47. Re3 Qh5+ 48. Kg1 Qd1+ 49. Re1 Qc2 50.
Re7+ Kg6 51. Re3 Kh7 52. Re7+ 1/2-1/2

[Event "27th Open"]
[Site "Cappelle la Grande FRA"]
[Date "2011.03.01"]
[Round "5"]
[White "Vernay,C"]
[Black "Kravtsiv,M"]
[Result "1/2-1/2"]
[WhiteElo "2446"]
[BlackElo "2566"]
[EventDate "2011.02.26"]

1. d4 Nf6 2. c4 e6 3. Nc3 Bb4 4. Qc2 O-O 5. e4 d5 6. e5 Ne4 7. Bd3 c5 8.
Nge2 cxd4 9. Nxd4 Nd7 10. Bf4 Qh4 11. g3 Qh3 12. cxd5 exd5 13. f3 Bxc3+ 14.
bxc3 Nec5 15. Bf5 Qh5 16. Bg4 Qg6 17. Bf5 Qh5 18. Bg4 Qg6 19. Bf5 1/2-1/2

[Event "27th Open"]
[Site "Cappelle la Grande FRA"]
[Date "2011.03.01"]
[Round "5"]
[White "Hebden,M"]
[Black "Bernadskiy,V"]
[Result "1-0"]
[WhiteElo "2558"]
[BlackElo "2438"]
[EventDate "2011.02.26"]

1. d4 Nf6 2. Nf3 g6 3. Nc3 Bg7 4. e4 d6 5. Be3 O-O 6. Qd2 Nc6 7. Bb5 Bd7 8.
Bh6 a6 9. Bxc6 Bxc6 10. d5 Bd7 11. h4 b5 12. Bxg7 Kxg7 13. e5 dxe5 14. Nxe5
b4 15. Nd1 Bb5 16. Ne3 Qd6 17. N5g4 Nxg4 18. Nxg4 h5 19. Qh6+ Kg8 20. Ne3
f5 21. O-O-O a5 22. Rhe1 Rf6 23. g3 a4 24. Ng2 b3 25. a3 bxc2 26. Rd2 Rd8
27. Qe3 Bc4 28. Nf4 Rd7 29. Qc3 Qa6 30. Re6 Qb5 31. Rxf6 exf6 32. Qxf6 Rf7
33. Qxg6+ Kf8 34. Ne6+ Ke7 35. Qg5+ Rf6 36. Qg7+ Rf7 37. Qe5 Qb6 38. Nxc7+
Kd7 39. Qe8+ Kxc7 40. Qxf7+ Kb8 41. Qe8+ Kb7 42. Qd7+ Kb8 43. Rxc2 1-0

[Event "27th Open"]
[Site "Cappelle la Grande FRA"]
[Date "2011.03.01"]
[Round "5"]
[White "Solomon,K"]
[Black "Vorobiov,E"]
[Result "1/2-1/2"]
[WhiteElo "2425"]
[BlackElo "2556"]
[EventDate "2011.02.26"]

1. d4 Nf6 2. c4 e6 3. g3 d5 4. Nf3 Bb4+ 5. Bd2 Bd6 6. Nc3 c6 7. b3 O-O 8.
Bg2 Nbd7 9. O-O Qe7 10. Nh4 b6 11. e4 Nxe4 12. Nxe4 dxe4 13. Bxe4 Bb7 14.
Re1 Nf6 15. Bg2 Qc7 16. Bc3 Rad8 17. Qc1 Be7 18. Qb2 Bc8 19. Nf3 Bb7 20.
Nh4 Ne8 1/2-1/2

[Event "27th Open"]
[Site "Cappelle la Grande FRA"]
[Date "2011.03.01"]
[Round "5"]
[White "Kuzmicz,K"]
[Black "Kharitonov,Alexandr"]
[Result "1-0"]
[WhiteElo "2406"]
[BlackElo "2552"]
[EventDate "2011.02.26"]

1. c4 Nf6 2. Nf3 g6 3. g3 Bg7 4. Bg2 O-O 5. O-O d6 6. Nc3 e5 7. d3 Nc6 8.
Rb1 a5 9. a3 h6 10. b4 axb4 11. axb4 Be6 12. b5 Ne7 13. d4 Nd7 14. dxe5
dxe5 15. Nd2 Nc5 16. Nde4 Nxe4 17. Bxe4 c6 18. Qb3 f5 19. Rd1 Qe8 20. Bg2
Qf7 21. Qb4 e4 22. Be3 Rfd8 23. c5 Bc4 24. b6 Nd5 25. Nxd5 Rxd5 26. Rd2
Rxd2 27. Qxd2 Kh7 28. Bf1 Qd5 29. Rd1 Qxd2 30. Rxd2 Ra1 31. Rd7 Bxe2 32.
Rxg7+ Kh8 33. Rxg6 Rxf1+ 34. Kg2 Rd1 35. Kh3 h5 36. Kh4 Kh7 37. Kg5 Rd7 38.
Rh6+ Kg7 39. Kxf5 Bg4+ 40. Ke5 Rd5+ 41. Kxe4 Bf5+ 42. Kf3 Bg6 43. g4 hxg4+
44. Kxg4 Bf5+ 45. Kg3 Bg6 46. Rh4 Kf6 47. Ra4 Bf5 48. Ra8 Rd7 49. Kf4 Rf7
50. h4 Bg6 51. Rc8 Rh7 52. Kg3 Bf5 53. Rc7 Ke5 54. h5 Ke4 55. Kh4 Ke5 56.
Kg5 Ke6 57. Rxh7 Bxh7 58. Kh6 1-0

[Event "27th Open"]
[Site "Cappelle la Grande FRA"]
[Date "2011.03.02"]
[Round "6"]
[White "Leon Hoyos,M"]
[Black "Jankovic,A"]
[Result "1-0"]
[WhiteElo "2565"]
[BlackElo "2564"]
[EventDate "2011.02.26"]

1. c4 e6 2. d4 d5 3. Nc3 c6 4. cxd5 exd5 5. Bf4 Bd6 6. Bg3 Ne7 7. e3 Bxg3
8. hxg3 Bf5 9. g4 Bg6 10. Nh3 h6 11. Nf4 Bh7 12. Bd3 Bxd3 13. Qxd3 Qd6 14.
b4 b5 15. a4 Na6 16. axb5 Nxb4 17. Qb1 O-O 18. g5 Rfb8 19. gxh6 g6 20. bxc6
Qxc6 21. Nfe2 Kh7 22. Qd1 Qc4 23. O-O a5 24. Qa4 Ra7 25. Rfc1 g5 26. Rab1
Kxh6 27. Qd1 Nf5 28. Qd2 Qa6 29. Nxd5 Rab7 30. Nxb4 Rxb4 31. Rxb4 axb4 32.
d5 Rb6 33. e4 Nh4 34. Nd4 f6 35. g3 b3 36. gxh4 b2 37. hxg5+ Kg6 38. Rb1
Qa4 39. gxf6 Rb4 40. Nf3 Qa1 41. Qg5+ 1-0

[Event "27th Open"]
[Site "Cappelle la Grande FRA"]
[Date "2011.03.02"]
[Round "6"]
[White "Kryvoruchko,Y"]
[Black "Nyzhnyk,I"]
[Result "1/2-1/2"]
[WhiteElo "2640"]
[BlackElo "2530"]
[EventDate "2011.02.26"]

1. e4 c5 2. Nf3 d6 3. d4 cxd4 4. Nxd4 Nf6 5. Nc3 a6 6. Be3 e5 7. Nb3 Be6 8.
h3 h5 9. f4 Qc7 10. f5 Bc4 11. Bxc4 Qxc4 12. Nd2 Qc6 13. Qe2 b5 14. O-O-O
Nbd7 15. a3 Rc8 16. Kb1 Rb8 17. Ba7 Rb7 18. Bf2 b4 19. axb4 Rxb4 20. Na2
Rb8 21. c4 Be7 22. g4 Nc5 23. Bxc5 Qxc5 24. Qd3 hxg4 25. hxg4 Rxh1 26. Rxh1
Nxg4 27. Rh8+ Bf8 28. Nc3 Nf6 29. Kc2 Kd7 30. b3 Rc8 31. Qg3 a5 32. Qg2 Qd4
33. Rh3 Qc5 34. Rd3 Rb8 35. Rh3 Qd4 36. Rh1 Kc6 37. Ra1 Qc5 38. Qg3 Nh5 39.
Qf3 Nf4 40. Nd5 g6 41. Nxf4 exf4 42. Qxf4 gxf5 43. exf5 Re8 44. Qf3+ Kc7
45. Rh1 Re3 46. Qf4 Qe5 47. f6 d5 48. Rh7 Bb4 49. Rxf7+ Kd6 1/2-1/2

[Event "27th Open"]
[Site "Cappelle la Grande FRA"]
[Date "2011.03.02"]
[Round "6"]
[White "Teske,H"]
[Black "Pantsulaia,L"]
[Result "1/2-1/2"]
[WhiteElo "2520"]
[BlackElo "2610"]
[EventDate "2011.02.26"]

1. e4 e6 2. d4 d5 3. Nd2 c5 4. exd5 exd5 5. Ngf3 a6 6. dxc5 Bxc5 7. Nb3 Bb6
8. Bg5 Nf6 9. Qe2+ Be6 10. Nfd4 Qe7 11. Nxe6 fxe6 12. g3 Nc6 13. Bh3 Qb4+
14. Bd2 Qe4 15. Qxe4 Nxe4 16. Bxe6 Bxf2+ 17. Ke2 Nxd2 18. Kxd2 Rf8 19. Rhf1
Rd8 20. Bh3 Ke7 21. Ke2 Bb6 22. Rxf8 Rxf8 23. Rf1 Rxf1 24. Bxf1 Ne5 25. Nd2
Kd6 1/2-1/2

[Event "27th Open"]
[Site "Cappelle la Grande FRA"]
[Date "2011.03.02"]
[Round "6"]
[White "Harika,D"]
[Black "Hebden,M"]
[Result "1/2-1/2"]
[WhiteElo "2520"]
[BlackElo "2558"]
[EventDate "2011.02.26"]

1. Nf3 Nf6 2. c4 g6 3. g3 Bg7 4. Bg2 O-O 5. Nc3 d6 6. d4 Nc6 7. O-O Rb8 8.
Qd3 e5 9. dxe5 dxe5 10. Qxd8 Rxd8 11. Bg5 Be6 12. Nd2 Nd4 13. Rfd1 c6 14.
Rac1 h6 15. Bxf6 Bxf6 16. e3 Nf5 17. Nde4 Be7 18. c5 Ng7 19. b4 f5 20. Nd2
a5 21. a3 axb4 22. axb4 e4 23. Bf1 b5 24. cxb6 Bxb4 25. Nc4 Rxd1 26. Nxd1
Bxc4 27. Bxc4+ Kf8 28. Ra1 Rxb6 29. Ra7 Be7 30. Nc3 Rb4 31. Ra8+ Ne8 32.
Be6 Rb7 33. Ne2 Bd6 34. Nd4 c5 35. Nc6 Rc7 36. Bd5 c4 37. Bxc4 Rxc6 1/2-1/2

[Event "27th Open"]
[Site "Cappelle la Grande FRA"]
[Date "2011.03.02"]
[Round "6"]
[White "Tikkanen,H"]
[Black "Shneider,Alek"]
[Result "1/2-1/2"]
[WhiteElo "2550"]
[BlackElo "2518"]
[EventDate "2011.02.26"]

1. d4 Nf6 2. c4 e6 3. Nc3 Bb4 4. Nf3 c5 5. g3 Nc6 6. Bg2 d5 7. O-O dxc4 8.
dxc5 Qxd1 9. Rxd1 Bxc5 10. Nd2 Na5 11. Nde4 Nxe4 12. Nxe4 Be7 13. Bd2 Nc6
14. Bc3 f6 15. Nd2 e5 16. Nxc4 Be6 17. Na5 Nxa5 18. Bxa5 O-O 19. b3 Rab8
20. Bc7 Rbc8 21. Bd6 Kf7 22. Bxb7 Rc2 23. Rac1 Rd8 24. Rxc2 1/2-1/2

[Event "27th Open"]
[Site "Cappelle la Grande FRA"]
[Date "2011.03.02"]
[Round "6"]
[White "Szabo,Krisz1"]
[Black "Mastrovasilis,A"]
[Result "1/2-1/2"]
[WhiteElo "2517"]
[BlackElo "2547"]
[EventDate "2011.02.26"]

1. e4 e5 2. Nf3 Nc6 3. Bb5 Nf6 4. Nc3 Bb4 5. O-O O-O 6. d3 d6 7. Bg5 Ne7 8.
Nh4 c6 9. Bc4 d5 10. Bb3 Qd6 11. exd5 Bxc3 12. bxc3 Nexd5 13. Bd2 e4 14. c4
Ne7 15. Qe1 exd3 16. c5 Qc7 17. cxd3 Ned5 18. Bg5 h6 19. Bxf6 Nxf6 20. Qc3
Re8 21. Rae1 Bg4 22. Re3 Be6 23. Bxe6 1/2-1/2

[Event "27th Open"]
[Site "Cappelle la Grande FRA"]
[Date "2011.03.02"]
[Round "6"]
[White "Jojua,D"]
[Black "Prohaszka,P2"]
[Result "1/2-1/2"]
[WhiteElo "2515"]
[BlackElo "2542"]
[EventDate "2011.02.26"]

1. d4 d5 2. c4 c6 3. Nf3 Nf6 4. e3 Nbd7 5. Bd3 dxc4 6. Bxc4 e6 7. O-O Bd6
8. Nc3 b5 9. Bd3 O-O 10. Qc2 Bb7 11. a3 Rc8 12. b4 a5 13. Rb1 axb4 14. axb4
Qe7 15. e4 e5 16. Ne2 Bxb4 17. dxe5 Ng4 18. e6 Nde5 19. Nxe5 Nxe5 20. exf7+
Rxf7 21. Ng3 Nxd3 22. Qxd3 c5 23. Qxb5 Bxe4 24. Nxe4 1/2-1/2

[Event "27th Open"]
[Site "Cappelle la Grande FRA"]
[Date "2011.03.02"]
[Round "6"]
[White "Petrov,Marij"]
[Black "Sharapov,E"]
[Result "1/2-1/2"]
[WhiteElo "2535"]
[BlackElo "2468"]
[EventDate "2011.02.26"]

1. e4 c5 2. Nf3 d6 3. d4 cxd4 4. Nxd4 Nf6 5. Nc3 Nc6 6. f4 e5 7. Nf3 Be7 8.
f5 O-O 9. Bg5 Ng4 10. h3 Nf2 11. Kxf2 Bxg5 12. Nxg5 Qxg5 13. Qc1 Qd8 14.
Qe3 Nb4 15. Bd3 Nxd3+ 16. cxd3 Bd7 17. Rad1 Bc6 18. d4 exd4 19. Qxd4 Re8
20. Rhe1 Qh4+ 21. Kg1 Rad8 22. Qxa7 d5 23. Qf2 Qxf2+ 24. Kxf2 d4 25. Nd5
Bxd5 26. exd5 Rxe1 27. Rxe1 Kf8 28. Rc1 Rxd5 29. Rc8+ Ke7 30. Rc7+ Kf6 31.
Rxb7 Rxf5+ 32. Ke2 Rg5 33. g4 h5 34. gxh5 Rxh5 35. Rb6+ Ke7 36. Rb3 Kd6 37.
Rf3 f5 38. a4 Kc5 39. Kd3 g6 40. b3 Rh4 41. Rg3 g5 42. Rxg5 Rxh3+ 43. Kc2
Rc3+ 44. Kd2 Rf3 45. Ke2 Rxb3 46. Rxf5+ Kc4 47. Kd2 Ra3 48. Rf2 Rxa4 49.
Rf3 Ra2+ 50. Kd1 Rh2 51. Rg3 1/2-1/2

[Event "27th Open"]
[Site "Cappelle la Grande FRA"]
[Date "2011.03.02"]
[Round "6"]
[White "Fargere,Fr"]
[Black "Apicella,M"]
[Result "1/2-1/2"]
[WhiteElo "2512"]
[BlackElo "2531"]
[EventDate "2011.02.26"]

1. e4 e6 2. d4 d5 3. Nd2 Nf6 4. e5 Nfd7 5. Bd3 c5 6. c3 b6 7. Ne2 Ba6 8.
Bxa6 Nxa6 9. O-O Nc7 10. Nf4 g6 11. Qg4 b5 12. h4 c4 13. Nf3 Nb6 14. h5 Be7
15. Nh3 a5 16. Bh6 Qd7 17. Nhg5 Bf8 18. Bxf8 Kxf8 19. Qf4 h6 20. Nh3 Kg7
21. Nh2 Qe7 22. Ng4 Nd7 23. Rfe1 1/2-1/2

[Event "27th Open"]
[Site "Cappelle la Grande FRA"]
[Date "2011.03.02"]
[Round "6"]
[White "Kanep,M"]
[Black "Kuzmicz,K"]
[Result "1/2-1/2"]
[WhiteElo "2531"]
[BlackElo "2406"]
[EventDate "2011.02.26"]

1. d4 g6 2. e4 Bg7 3. Nc3 c6 4. f4 d5 5. e5 Nh6 6. Nf3 Bg4 7. Be3 f6 8. h3
Bxf3 9. Qxf3 fxe5 10. fxe5 Nf5 11. g4 Nxe3 12. Qxe3 e6 13. h4 Nd7 14. O-O-O
Qe7 15. Ne2 O-O-O 16. g5 c5 17. Bh3 Kb8 18. c3 Rc8 19. Kb1 Rc6 20. Rhf1
cxd4 21. cxd4 Nb6 22. b3 Qa3 23. Qd2 Rhc8 24. Rc1 Nc4 25. bxc4 Qxh3 26. c5
Qxh4 27. Rh1 Qe4+ 28. Qc2 Qg2 29. Rxh7 R6c7 30. Nc3 Qxc2+ 31. Rxc2 Bxe5 32.
Rxc7 Bxc7 33. Re2 e5 34. Nxd5 exd4 35. Kc2 Bd8 36. Kd3 Bxg5 37. Kxd4 Bh6
38. Re6 Bf8 39. Rxg6 Bxc5+ 40. Kc4 a6 41. Kb3 Ka7 42. Rg3 Bd6 43. Rd3 Rc5
44. a4 Rc1 45. Ne3 Bc5 46. Nc4 Rb1+ 47. Nb2 Be7 48. Rd1 Rxd1 49. Nxd1 Kb6
50. Ne3 Kc5 51. Nc4 b5 52. axb5 Kxb5 53. Na3+ Bxa3 54. Kxa3 1/2-1/2

[Event "27th Open"]
[Site "Cappelle la Grande FRA"]
[Date "2011.03.02"]
[Round "6"]
[White "Butkiewicz,L"]
[Black "Harikrishna,P"]
[Result "0-1"]
[WhiteElo "2394"]
[BlackElo "2667"]
[EventDate "2011.02.26"]

1. e4 e5 2. Nf3 Nc6 3. Nc3 Nf6 4. a3 d6 5. d4 exd4 6. Nxd4 Be7 7. Be2 O-O
8. Be3 Re8 9. O-O Bf8 10. Qd2 Ne5 11. Rad1 c6 12. h3 Ng6 13. Bd3 d5 14.
exd5 Nxd5 15. Nxd5 Qxd5 16. c4 Qh5 17. Ne2 Be6 18. Bxg6 Qxg6 19. Nf4 Qf5
20. Nxe6 Rxe6 21. Qd7 b6 22. Rd4 Qh5 23. b4 a5 24. b5 cxb5 25. Rd5 Qg6 26.
Rxb5 Bxa3 27. Qb7 Rae8 28. Rxb6 Rxb6 29. Qxb6 Qxb6 30. Bxb6 Bb4 31. Ra1
Re1+ 32. Rxe1 Bxe1 33. Kf1 Bb4 34. Ke2 Kf8 35. Kd3 Ke7 36. Bd4 g6 37. c5
Kd7 38. Kc4 Kc6 39. g4 Be1 40. f3 Bd2 41. Bf2 a4 42. f4 f5 43. gxf5 gxf5
44. Bg1 h6 45. Bf2 h5 46. Bg1 a3 47. Kb3 a2 48. Kxa2 Bb4 49. Bd4 Bxc5 50.
Bf6 Kd5 51. Kb3 Ke4 52. Kc2 Kxf4 53. Kd3 Kf3 54. Bg5 Bf2 55. Bh6 Bg3 56.
Bg5 f4 57. h4 Kg2 58. Ke4 f3 59. Be3 Bf2 60. Kd4 0-1

[Event "27th Open"]
[Site "Cappelle la Grande FRA"]
[Date "2011.03.02"]
[Round "6"]
[White "Djukic,Ni"]
[Black "Sasikiran,K"]
[Result "1/2-1/2"]
[WhiteElo "2494"]
[BlackElo "2690"]
[EventDate "2011.02.26"]

1. e4 c5 2. Nf3 d6 3. d4 cxd4 4. Nxd4 Nf6 5. Nc3 a6 6. Be3 e6 7. g4 b5 8.
g5 Nfd7 9. a3 Bb7 10. h4 Nc6 11. Nxc6 Bxc6 12. Qd4 Rb8 13. h5 Qb6 14. h6
Qxd4 15. Bxd4 Rg8 16. hxg7 Bxg7 17. O-O-O Ke7 18. Bxg7 Rxg7 19. f4 f6 20.
gxf6+ Nxf6 21. Bd3 Rh8 22. Rh6 Ng4 23. Rh4 h5 24. Rg1 Be8 25. f5 Rhg8 26.
fxe6 Nf6 27. Rxg7+ Rxg7 28. a4 Rg5 29. Ne2 Kxe6 30. Nd4+ Kf7 31. Nf5 Ke6
32. Nd4+ Kf7 33. Nf5 Bc6 34. axb5 axb5 35. Nxd6+ Ke6 36. Nf5 Ke5 37. c3
Rg1+ 38. Kc2 Rg4 39. Rh2 Bxe4 40. Bxe4 Kxe4 41. Nd4 b4 42. Re2+ Kd5 43. Rf2
Rg6 44. Nf5 Ke5 45. Ne7 Rh6 46. Nc6+ Ke4 47. Nxb4 h4 48. Nd3 h3 49. Kd2 h2
50. Rf4+ Kd5 51. Nf2 Ke5 52. Nd3+ Ke6 53. Nf2 h1=Q 54. Nxh1 Rxh1 55. Kd3
Rh3+ 56. Kc4 Rh2 57. b4 Rh3 58. Rd4 Ke5 59. Rd3 Rh4+ 60. Kb3 Ne4 61. c4 Rh1
62. Rd5+ Ke6 63. Rd4 Nd6 64. c5 Nb5 65. Rd3 Rh4 66. Rd8 Nd4+ 67. Kc3 Nb5+
68. Kb3 Ke7 69. Rb8 Nd4+ 70. Kc3 Nc6 71. Rb6 Kd7 72. Kb3 Kc7 73. Kc3 Ne7
74. Rd6 Nc8 75. Rd4 Rxd4 1/2-1/2

[Event "27th Open"]
[Site "Cappelle la Grande FRA"]
[Date "2011.03.02"]
[Round "6"]
[White "Lalic,B"]
[Black "Delchev,A"]
[Result "1/2-1/2"]
[WhiteElo "2491"]
[BlackElo "2629"]
[EventDate "2011.02.26"]

1. d4 Nf6 2. c4 g6 3. Nc3 d5 4. Nf3 Bg7 5. Qb3 dxc4 6. Qxc4 O-O 7. e4 Nc6
8. Be2 Bg4 9. d5 Na5 10. Qa4 Bxf3 11. Bxf3 c6 12. O-O b5 13. Qb4 a6 14. Rd1
Nd7 15. Be3 Rc8 16. dxc6 Nxc6 17. Qb3 e6 18. a4 Na5 19. Qb4 Nc4 20. Bc1 Qc7
21. axb5 axb5 22. Nxb5 Qc5 23. Qxc5 Nxc5 24. Ra7 Nxb2 25. Bxb2 Bxb2 26. Ra2
Be5 27. g3 Rfd8 28. Rxd8+ Rxd8 29. Rc2 Nb3 30. Be2 g5 31. Kg2 Kg7 32. Na7
Nd4 33. Nc6 Nxc2 34. Nxd8 Nd4 35. Bd1 Bc7 36. Nb7 Nb5 37. Nc5 Nc3 38. Bc2
h5 39. Na4 Nb5 40. Bd3 Nd4 41. Nc3 Nc6 42. Nb5 Be5 43. Na3 Bd4 44. Nc4 g4
45. Be2 Kg6 46. f3 1/2-1/2

[Event "27th Open"]
[Site "Cappelle la Grande FRA"]
[Date "2011.03.02"]
[Round "6"]
[White "Vuckovic,Bo"]
[Black "Matjushin,G"]
[Result "1/2-1/2"]
[WhiteElo "2623"]
[BlackElo "2490"]
[EventDate "2011.02.26"]

1. d4 d5 2. c4 c6 3. Nf3 Nf6 4. Nc3 e6 5. Bg5 Nbd7 6. e3 Qa5 7. cxd5 exd5
8. Bd3 Ne4 9. O-O Ndf6 10. Bxf6 Nxf6 11. Ne5 Bb4 12. Rc1 O-O 13. a3 Bxc3
14. Rxc3 Qd8 15. b4 Qd6 16. Qb1 a6 17. Rfc1 Be6 18. a4 Rfc8 19. h3 h6 20.
f4 Qd8 21. Qc2 Qe8 22. Kh1 Kh8 23. Rc5 Nd7 24. Rc3 Nxe5 25. dxe5 Bd7 26. a5
Qe7 27. Rc5 f6 28. exf6 Qxf6 29. Rf1 Rf8 30. e4 dxe4 31. Bxe4 Rae8 1/2-1/2

[Event "27th Open"]
[Site "Cappelle la Grande FRA"]
[Date "2011.03.02"]
[Round "6"]
[White "Iturrizaga,E"]
[Black "Arnaudov,G"]
[Result "0-1"]
[WhiteElo "2611"]
[BlackElo "2489"]
[EventDate "2011.02.26"]

1. d4 Nf6 2. Nf3 e6 3. c4 Nc6 4. g3 Bb4+ 5. Bd2 a5 6. Nc3 d6 7. Bg2 O-O 8.
O-O Re8 9. Qc2 e5 10. dxe5 dxe5 11. Rfd1 Bxc3 12. Bxc3 Qe7 13. Ng5 Nb4 14.
Bxb4 axb4 15. c5 Ra5 16. Rac1 h6 17. Ne4 Nxe4 18. Bxe4 Rxa2 19. Qb3 Ra5 20.
Qxb4 b6 21. Bc6 Rf8 22. Rc4 Rxc5 23. Rd5 Rd8 24. Rxd8+ Qxd8 25. Rxc5 bxc5
26. Qxc5 Qd1+ 27. Kg2 Qxe2 28. Bd5 Ba6 29. h4 Qb5 30. Qxb5 Bxb5 31. Kf3 Kf8
32. Ke4 f6 33. Kf5 Bd7+ 34. Be6 Be8 35. g4 Ke7 36. h5 Bb5 37. Bd5 Bd7+ 38.
Kg6 Kf8 39. f3 Be8+ 40. Kf5 Ke7 41. b4 Kd6 42. Bc4 Bc6 43. Be2 Ke7 44. f4
exf4 45. Kxf4 Bd7 46. Bc4 Kd6 47. Bb3 Bb5 48. Bc2 Kd5 49. Kf5 Bd7+ 50. Kg6
Bxg4 51. Bb3+ Kd4 52. Bf7 f5 53. Be6 Ke5 54. Bd7 Be2 55. Kxg7 Bxh5 56. Kxh6
Be2 57. Kg6 f4 58. Kf7 f3 59. Ke7 f2 60. Bh3 Bb5 61. Bg2 Kf4 0-1